COMPACT OXFORD DICTIONARY THESAURUS WORD (Record no. 3167)
[ view plain ]
| 000 -LEADER | |
|---|---|
| fixed length control field | 00350nam a2200133Ia 4500 |
| 008 - FIXED-LENGTH DATA ELEMENTS--GENERAL INFORMATION | |
| fixed length control field | 240624s9999 xx 000 0 und d |
| 041 ## - LANGUAGE CODE | |
| Language code of text/sound track or separate title | eng |
| 082 ## - DEWEY DECIMAL CLASSIFICATION NUMBER | |
| Classification number | 413 SOA |
| 100 ## - MAIN ENTRY--PERSONAL NAME | |
| Personal name | SOANES CATHERINE |
| 245 ## - TITLE STATEMENT | |
| Title | COMPACT OXFORD DICTIONARY THESAURUS WORD |
| 250 ## - EDITION STATEMENT | |
| Edition statement | (Indian ed.) |
| 260 ## - PUBLICATION, DISTRIBUTION, ETC. | |
| Date of publication, distribution, etc. | 2005 |
| Place of publication, distribution, etc. | New York |
| Name of publisher, distributor, etc. | Oxford |
| 300 ## - PHYSICAL DESCRIPTION | |
| Extent | v, : 1111 : p. : cm. ; 25 |
| Withdrawn status | Lost status | Damaged status | Not for loan | Home library | Current library | Shelving location | Date acquired | Full call number | Barcode | Date last seen | Price effective from | Koha item type |
|---|---|---|---|---|---|---|---|---|---|---|---|---|
| IMTN | IMTN | Rack 15-B | 01/13/2006 | 413 SOA | 3167 | 06/24/2024 | 06/24/2024 | Books |